005950000a22001210004500090001700000100004800017700003600065245021200101300002200313942001300335773010800348999001700456 aASbSeriadas1 aGuzmán Piedrahita, Oscar Adrián91005141 aCastaño Zapata, Jairo910051510aAnálisis de algunos componentes de resistencia en los híbridos de plátano FHIA-20 y de banano FHIA-23 a las sigatokas negra (Mycosphaerella fijiensis morelet) y amarilla (Mycosphaerella musicola leach) btbls.a323-329 p. cARTICULO1 tRevista de la Academia Colombiana de Ciencias Exactas, Físicas y Naturalesh128q323-329 p.d2009g33 c16285d16285